000 00925nam a22002057a 4500
999 _c10672
_d10672
003 AR-CdUCM
008 190401b ||||| |||| 00| 0 spa d
040 _aMUNICIPALIDAD PROVINCIAL DEL CUSCO
_cBIBLIOTECA MUNICIPAL DEL CUSCO
082 _a131.3 /
_bD48 /1933
100 _aDelgado, Honorio
_927645
245 _aLa formacion espiritual del individuo :
_bPsicología - educación - higiene mental /
260 _aLima :
_bLibreria Peruana,
_c1933.
300 _a149 paginas ;
_c17 cm.
_bCuadro conceptual
505 _aContenido : El desarrollo psíquico del individuo -- Significación prospectiva de la experiencia infantil y el carácter -- La formación de la personalidad y el carácter -- La higiene mental en la familia -- Idea de la instrucción publica...
650 _aPsicologia
_91538
650 _aHigiene mental
_927646
650 _aCarácter y personalidad
_927647
942 _2ddc
_cLIBROS
945 _awnts